| 000 | 00520nam a2200193Ia 4500 | ||
|---|---|---|---|
| 008 | 220531s9999 xx 000 0 und d | ||
| 041 | _aeng | ||
| 082 |
_a- _bWEA / ATR |
||
| 100 |
_aAtre, Ashok _978068 |
||
| 245 | _aWeapons of Crony Capitalism Licenses-Permits: The Inspector Raj | ||
| 250 | _a1ST | ||
| 260 |
_aPune _bDiamond _c2018 |
||
| 300 | _a369 | ||
| 542 | _d05-12-2018 | ||
| 551 | _bNon-grant | ||
| 650 |
_aEntrepreneurship _978069 |
||
| 906 |
_d2018-2019 _f15542 |
||
| 999 |
_c43278 _d43278 |
||